ARBUSTOS de las áreas naturales protegidas de la Sierra de Álvarez San Luis Potosí (Record no. 217296)
[ view plain ]
| 000 -CABECERA | |
|---|---|
| campo de control de longitud fija | 00608nam a22001697a 4500 |
| 005 - FECHA Y HORA DE LA ÚLTIMA TRANSACCIÓN | |
| campo de control | 20220627135457.0 |
| 008 - DATOS DE LONGITUD FIJA--INFORMACIÓN GENERAL | |
| campo de control de longitud fija | 220624s2020 mx a|||fr|||| 001 0 spa d |
| 040 ## - FUENTE DE LA CATALOGACIÓN | |
| Centro/agencia transcriptor | CHAP |
| 082 ## - NÚMERO DE LA CLASIFICACIÓN DECIMAL DEWEY | |
| Número de clasificación | 582.1097244 |
| Número de documento/Ítem | G21 |
| 100 0# - ENTRADA PRINCIPAL--NOMBRE DE PERSONA | |
| 9 (RLIN) | 46638 |
| Nombre de persona | García Sánchez, Felicidad |
| 245 ## - MENCIÓN DE TÍTULO | |
| Título | ARBUSTOS de las áreas naturales protegidas de la Sierra de Álvarez San Luis Potosí |
| 650 #0 - PUNTO DE ACCESO ADICIONAL DE MATERIA--TÉRMINO DE MATERIA | |
| 9 (RLIN) | 185174 |
| Término de materia o nombre geográfico como elemento de entrada | Arbustos |
| Subdivisión general | Identificación |
| Subdivisión geográfica | San Luis Potosí |
| 650 #4 - PUNTO DE ACCESO ADICIONAL DE MATERIA--TÉRMINO DE MATERIA | |
| 9 (RLIN) | 6879 |
| Término de materia o nombre geográfico como elemento de entrada | Areas protegidas |
| Subdivisión geográfica | San Luis Potosí |
| 650 #0 - PUNTO DE ACCESO ADICIONAL DE MATERIA--TÉRMINO DE MATERIA | |
| 9 (RLIN) | 185175 |
| Término de materia o nombre geográfico como elemento de entrada | Arbustos |
| Subdivisión general | Variedades |
| -- | Descripción |
| 700 0# - PUNTO DE ACCESO ADICIONAL--NOMBRE DE PERSONA | |
| 9 (RLIN) | 3029 |
| Nombre de persona | Aguirre Rivera, Juan Rogelio |
| 942 ## - ELEMENTOS DE PUNTO DE ACCESO ADICIONAL (KOHA) | |
| Fuente del sistema de clasificación o colocación | Dewey Decimal Classification |
| Tipo de ítem Koha | Libro |
No items available.
